000 00543nam a2200193Ia 4500
005 20250326141223.0
008 250326s9999 xx 000 0 und d
020 _a0-273-60694-8
037 _aTextbook
040 _aFMSL
_beng
_cFMSL
041 _aeng
_2eng
084 _aX;8g N5
_qFMSL
100 _aChainer S,ed.
_9743971
245 0 _aFicial time handbook of management
_cChainer S,ed.
260 _aNew Delhi
_bNew Delhi, Pitman Publishing
_c1995
300 _a1215p
942 _cTB
_hX;8g N5
999 _c1289291
_d1289291